000 00641cam a2200193 i 4500
005 20251108175046.0
008 250721s2012 jo gr 000 0 ara d
082 1 4 _a070.43
_bع ب ي
100 1 _aعبيدات، شفيق
_eصحفي.
245 1 0 _aوجهات نظر في فن الكتابة الصحفية :
_bالبحث و الدراسة /
_cالصحفي.
264 3 1 _aعمان :
_bالمؤلف،
_c2012.
300 _a127 صفحة.
650 1 7 _aالصحافة.
650 1 7 _aالاخبار.
650 1 7 _aمهارات الاتصال.
650 1 7 _aالكتابة.
942 _2ddc
_cBK
999 _c125132
_d125132